00727nam a2200193 a 450000100100000000500170001000800410002702000150006804000250008308200140010810000410012224500760016326000360023930000300027550000690030550400300037495201120040499900170051600004130020201002034752.0130930s2006 sp c 001 0 spa d a846702142x aDO-SdBNPbspacBNPHU axxxxbxxx1 aFernández Álvarez, Manuel96791813aLa gran aventura de Cristobal Colón. /cManuel Fernández Álvarez. aMadrid :bEspasa -Calpe,c2006. a351 p. :bretr. ;c22 cm. aIncluye datos biografícos del autor en la solapa de la portada aBibliografía p: 341-344 001050718MOaGRbGRcCTd2013-09-30iLF1l0oxxxx xxxp41300-10r2020-06-25w2020-06-25y1ZNo se presta c40790d40790